000 00396nam a22001697a 4500
003 CEME
005 20210628204141.0
008 210309b xxu||||| |||| 00| 0 eng d
040 _c.
082 _a537 RAM
100 _aRamo Simon
_942229
245 _aField and waves in communications electronics
250 _a3RD
260 _aRAWALPINDI
_bPDF
_c1994
300 _aPDF
942 _cBK
_2ddc
999 _c576410
_d576410